000 00571nam a2200193 a 4500
005 20140310183338.0
008 061103s19uu xx 00 eng d
020 _a1582553548
050 _aRC 734.A94
_b.B74 2005
245 _aBreath sounds made incredibly easy. /
260 _aPhiladelphia :
_bLippincott Williams & Wilkins,
_c2005.
300 _a208 p. :
_bcol. ill. ;
_c26 cm.
521 _aNUR
650 _aAuscultation.
650 _aRespiratory organs
_xSounds.
650 _aRespiratory organs
_xPathophysiology.
942 _cBK
_2lcc
_kFOR
999 _c21738
_d21738